Catálogo

La trama audi : (Registro nro. 41586)

Detalles MARC
000 -LEADER
fixed length control field 01432cam a2200349 i 4500
001 - CONTROL NUMBER
control field 41586
003 - CONTROL NUMBER IDENTIFIER
control field Mx-PuUPA
005 - DATE AND TIME OF LATEST TRANSACTION
control field 20250215102618.0
008 - FIXED-LENGTH DATA ELEMENTS--GENERAL INFORMATION
fixed length control field 140415s2019 mx ab gr 000 0 spa d
040 ## - CATALOGING SOURCE
Original cataloging agency Mx-PuUPA
Language of cataloging spa
Transcribing agency Mx-PuUPA
Modifying agency Mx-PuUPA
Description conventions rda
041 0# - LANGUAGE CODE
Language code of text/sound track or separate title spa
043 ## - GEOGRAPHIC AREA CODE
Source of local code mx-mx-bn
Local GAC code n-mx-pu
100 1# - MAIN ENTRY--PERSONAL NAME
Personal name Mastretta Guzmán, Sergio,
Dates associated with a name 1955-
9 (RLIN) 16744
Relator term autor
245 10 - TITLE STATEMENT
Title La trama audi :
Remainder of title componendas de un gobierno autoritario /
Statement of responsibility, etc. Sergio Mastretta Guzmán ; con la colaboración especial de María Eugenia Silva Celma [y otros siete]
264 #1 - PRODUCTION, PUBLICATION, DISTRIBUTION, MANUFACTURE, AND COPYRIGHT NOTICE
Place of production, publication, distribution, manufacture Puebla, Pue. :
Name of producer, publisher, distributor, manufacturer PCCI Editorial,
Date of production, publication, distribution, manufacture, or copyright notice [2019]
300 ## - PHYSICAL DESCRIPTION
Extent 217 páginas :
Other physical details ilustraciones, mapas ;
Dimensions 28 cm
336 ## - CONTENT TYPE
Fuente rdacontent
Content type term texto
Content type code txt
337 ## - MEDIA TYPE
Source rdamedia
Media type term sin medio
Media type code n
338 ## - CARRIER TYPE
Source rdacarrier
Carrier type term volumen
Carrier type code nc
650 #7 - SUBJECT ADDED ENTRY--TOPICAL TERM
Source of heading or term armarc
Topical term or geographic name entry element Denuncia de irregularidades
General subdivision
Geographic subdivision México (Puebla : Estado)
650 #7 - SUBJECT ADDED ENTRY--TOPICAL TERM
Source of heading or term armarc
Topical term or geographic name entry element Corrupción política
Geographic subdivision México
650 #7 - SUBJECT ADDED ENTRY--TOPICAL TERM
Source of heading or term armarc
Topical term or geographic name entry element Delitos de funcionarios
650 #7 - SUBJECT ADDED ENTRY--TOPICAL TERM
Source of heading or term armarc
Topical term or geographic name entry element Tráfico de influencias
Geographic subdivision Puebla-México
650 #7 - SUBJECT ADDED ENTRY--TOPICAL TERM
Source of heading or term armarc
Topical term or geographic name entry element Responsabilidad administrativa
650 #7 - SUBJECT ADDED ENTRY--TOPICAL TERM
Source of heading or term armarc
Topical term or geographic name entry element Planta automotríz AUDI -Puebla
General subdivision Actos ilícitos
700 1# - ADDED ENTRY--PERSONAL NAME
Personal name Silva Celma, María Eugenia,
Relator term colaborador
942 ## - ADDED ENTRY ELEMENTS (KOHA)
Source of classification or shelving scheme Dewey Decimal Classification
Koha item type Libro
Classification part 364.1323
Item part M34
Existencias
Withdrawn status Lost status Source of classification or shelving scheme Damaged status Not for loan Collection code Home library Current library Shelving location Date acquired Source of acquisition Total Checkouts Full call number Barcode Date last seen Price effective from Koha item type
    Dewey Decimal Classification     General Biblioteca Karol Wojtyla Biblioteca Karol Wojtyla Sala general 03/12/2013 Donación   364.1323 M34 2019 62722 05/01/2026 03/12/2013 Libro